| 000 | 02404nam0a2200337 4500 | ||
|---|---|---|---|
| 001 | RU\NLR\BIBL_A\022229249 | ||
| 005 | 20240709154918.0 | ||
| 010 |
_a978-5-6049493-7-5 _930 |
||
| 021 |
_aRU _bКН-П-24-020423 _9КН-П-24-2139 |
||
| 035 | _a(NLR Aleph) 022229249 | ||
| 090 |
_a13125900 _c13125900 |
||
| 100 | _a20240522d2023 k y0rusy50 ca | ||
| 101 | 0 | _arus | |
| 102 | _aRU | ||
| 105 | _ay z 100yy | ||
| 181 | 0 |
_ai4 _baxxe |
|
| 182 | 0 | _an | |
| 200 | 1 |
_aПрактика реализации дистанционных форм работы в коррекции отклонений у детей с ОВЗ _eсборник материалов научно-практической конференции _fМинистерство труда и социальной защиты населения Ставропольского края, Государственное бюджетное учреждение социального обслуживания "Ставропольский реабилитационный центр для детей и подростков с ограниченными возможностями здоровья", Фонд поддержки детей, находящихся в трудной жизненной ситуации _gредакционный коллектив: Н. А. Прядко - кандидат педагогических наук [и др.] |
|
| 203 |
_aТекст _bвизуальный _cнепосредственный |
||
| 210 |
_aСтаврополь _cБюро новостей _d2023 |
||
| 215 |
_a55 с. _d21 |
||
| 320 | _aБиблиогр. в конце ст. | ||
| 606 | 1 |
_aДети с ограниченными возможностями здоровья _jСъезды, совещания и т.п _xДистанционное обучение _92125650 _3RU\NLR\AUTH\661586825 |
|
| 686 | 1 | _aЧ430.123.11я431 | |
| 702 | 1 |
_aПрядко _bН. А. _gНаталья Александровна _4340 |
|
| 712 | 0 | 2 |
_4570 _aСтавропольский реабилитационный центр для детей и подростков с ограниченными возможностями здоровья _9468025 _3RU\NLR\AUTH\880400573 |
| 942 | _cBOOK | ||
| 980 | _aNB | ||